| 000 | 01073nam a22003497a 4500 | ||
|---|---|---|---|
| 003 | CHAP | ||
| 005 | 20220329133334.0 | ||
| 008 | 971013s1989 r 00010 d | ||
| 010 | _a5129 | ||
| 011 | _a6101 | ||
| 035 | _a5319 | ||
| 040 | _cCHAP | ||
| 082 |
_a641.1 _bS6 1989 |
||
| 100 | 0 | 0 |
_aSouci, S. W. _9108942 |
| 245 |
_aFood composition and nutrition tables 1989 _c/ 90 |
||
| 250 | _a4 ed. | ||
| 260 |
_aStuttgart : _bWissenschaftliche verlagsgesells chaft, _c1989 |
||
| 300 |
_a1028 p. _b; tablas |
||
| 500 | _a56-70 | ||
| 590 |
_aBATCH-UPD _b10 _c20130110 _lUCH01 _h1150 |
||
| 590 |
_aBATCH-UPD _b10 _c20130410 _lUCH01 _h0734 |
||
| 590 |
_aBATCH-UPD _b10 _c20130914 _lUCH01 _h0118 |
||
| 590 |
_aCONVERSION _b10 _c20130109 _lUCH01 _h1304 |
||
| 650 | 1 | 4 |
_aAlimentos _xAnálisis. _94164 |
| 650 | 1 | 4 |
_aAlimentos _xValor nutritivo. _94298 |
| 650 | 1 | 4 |
_aNutrición _xTablas. _982269 |
| 700 | 0 |
_aFachmann, W. _939293 |
|
| 700 | 0 |
_aKraut, H. _963883 |
|
| 901 | _aBK | ||
| 942 | _cLIBRO | ||
| 949 |
_a641.1 S6 1989 _bBC _cC _d33724000645768 _eC _gI. 156434 _h79539 _i5319 _si _t891.00 |
||
| 999 |
_c5129 _d5129 |
||